Statystyki dla Tenisiści stołowi po zdjęciach

Kliknij tutaj aby rozwiązać quiz!

Ogólne statystyki

  • Ten quiz został rozwiązany 45 razy
  • Średni wynik to 7 z 10

Statystyki odpowiedzi

Odpowiedź% Poprawnych
Timo Boll
97%
Ma Long
94%
Xu Xin
86%
Fan Zhendong
81%
Dimitrij Ovtcharov
72%
Quadri Aruna
69%
Tomokazu Harimoto
67%
Hugo Calderano
58%
Koki Niwa
58%
Mattias Falck
22%

Rozkład punktacji

Percentyl według liczby udzielonych odpowiedzi

Procent ludzi z każdym wynikiem

Twoja historia wyników

Nie rozwiązałeś tego quizu